00852nam a22002057a 4500003000400000005001700004008004100021020001800062040000800080082001500088100001900103245011000122250001100232260003000243650003600273942001200309952015300321952015300474999001900627OSt20250526102430.0250516b |||||||| |||| 00| 0 eng d a9780702082665 cddc a616.075 R3 aGlynn, Michael aHutchison's Clinical MethodsbAn Integrated Approach to Clinical PracticecMichael Glynn; William M Drake a125th. aNew DelhibElsevierc2023 vPhysiotherapyxClinical Methods cBK2ddc 00104070aNICHELIBbNICHELIBd2025-05-16eMasters Books Distributors, Kollamg2295.00l0o616.075 R3p85037r2025-05-16 14:52:25w2025-05-16yBKk 00104070aNICHELIBbNICHELIBd2025-05-16eMasters Books Distributors, Kollamg2295.00l0o616.075 R3p85038r2025-05-16 14:52:25w2025-05-16yBKk c249206d249206